000 00584nam a22001817a 4500
005 20251108172344.0
008 250721s2000 xx 000 0 ara d
082 1 4 _a615.8/حاي
100 1 _aالحايك، نصر علي
_eمؤلف
245 1 0 _aالحيوان :
_bفوائده و أثره في علاج الإنسان /
264 1 _aدمشق :
_bدار الشجرة للنشر والتوزيع،
_c2000.
300 _a135ص
650 1 7 _aالنص الشعبي
650 1 7 _aالعلاج الطبيعي
650 1 7 _aالحيوانات
942 _2ddc
_cBK
999 _c77102
_d77102